Statistiques concernant La plupart des pays peuplés bordant l'océan Pacifique

Cliquez ici pour prendre le quiz!

Statistiques générales

  • Ce quiz a été pris 125 fois
  • Le résultat moyen est 13 sur 15

Statistiques - réponses

populationpays% Correct
326 020 000Etats-Unis
99%
126 670 000Japon
96%
36 703 000Canada
95%
1 387 210 000Chine
94%
123 364 000Mexique
94%
261 891 000Indonésie
93%
146 837 000Russie
90%
104 811 000Philippines
88%
31 826 000Pérou
86%
32 271 000Malaisie
85%
51 446 000Corée du Sud
84%
49 471 000Colombie
80%
93 700 000Viêt Nam
80%
69 038 000Thaïlande
77%
25 491 000Corée du Nord
72%

Distribution des résultats

Percentile par nombre de réponses

% des personnes avec chaque résultat

Votre développement - résultats

Vous n’avez pas pris ce quiz